Przystanki Tramwajowe w Gorzowie Wlkp. - 2024 - Statystyki

Ogólne statystyki
  • Ten quiz został rozwiązany 60 razy
  • Średni wynik to 17 z 33
Statystyki odpowiedzi
Odpowiedź % Poprawnych
Piaski
84%
Katedra
82%
Wieprzyce PKP
78%
Fieldorfa "Nila"
76%
Stilon
67%
Dworcowa
62%
Dworzec Główny
60%
Rondo Santockie
60%
Sąd Okręgowy
60%
Cezib
56%
Rondo Gdańskie
56%
Wełniany Rynek
56%
Pomorska
53%
Rondo Solidarności
53%
Borowskiego
49%
Dowgielewiczowej
49%
Jancarza
49%
Park Kopernika
49%
Chodkiewicza
47%
Szarych Szeregów
47%
Walczaka Szpital
47%
Os. Słoneczne
42%
Wybickiego
42%
Żelazna
40%
Pl. Grunwaldzki
38%
Tartaczna
38%
Herberta
36%
Kilińskiego
36%
Pl. Słoneczny
36%
Pl. Nieznanego Żołnierza
33%
Olimpijska
29%
Pl.Staromiejski
29%
Zajezdnia Kostrzyńska
27%
Nie znaleziono quizów pasujących do podanych kryteriów
Rozkład punktacji
Procent ludzi z każdym wynikiem
Percentyl według liczby udzielonych odpowiedzi
Twoja historia wyników
Nie rozwiązałeś tego quizu